Представление документа в формате RUSMARC

ПолеНазваниеЗначение
  Тип записи i
  Библиографический уровень m
001 Контрольный номер RU/IS/BASE/481913545
005 Дата корректировки 20201206204942.3
010 Индекс ISBN __
a ISBN 978-5-9677-2003-1 (в кор.)
d Цена 204-75
100 Данные общей обработки __
a Данные общей обработки 19150409d2013||||||| 0rusy0189 ca
101 Язык документа 1_
a Язык текста rus
c Язык оригинала nnn
102 Страна публикации __
a Страна публикации ru|
105 Кодированные данные (монография) __
a Кодированные данные (монография) nn|||||||||zy
127 Кодированные данные (звукозаписи-физические характеристики) __
a Продолжительность проигрывания 7 ч 54 мин
200 Заглавие и сведения об ответственности 1_
a Заглавие Истории о Шерлоке Холмсе
e Сведения, относящиеся к заглавию [аудиокнига : 12+]
f Первые сведения об ответственности Артур Конан Дойл ; [перевод Е. Н. Лонжеевской ; читает А. Бухмин]
b Общее обозначение материала Звукозапись
210 Выходные данные __
a Место издания Москва
c Издательство 1С-Паблишинг
c Издательство Агентство
d Дата издания 2013
215 Физическое описание __
a Объем 1 электрон. опт. диск (Audio CD)
c Иллюстрации/тип воспроизводства mp3, stereo
d Формат 12х14 см
225 Серия __
a Серия 1С: Аудиокниги
230 Специфическая характеристика материала: электронные ресурсы __
a Обозначение и объем ресурса Электронные звуковые данные
323 Примечание о главных создателях, исполнителях, участниках __
a Примечание о главных создателях, исполнителях, участниках Бухмин, А. (читает)
327 Примечание о содержании __
a Примечание о содержании Золотое пенсне
327 Примечание о содержании __
a Примечание о содержании Красный шнурок
327 Примечание о содержании __
a Примечание о содержании Кровавое пятно
327 Примечание о содержании __
a Примечание о содержании Приключение в пустом доме
327 Примечание о содержании __
a Примечание о содержании Приключение норвудского строителя
327 Примечание о содержании __
a Примечание о содержании Приключение с пляшущими фигурками
327 Примечание о содержании __
a Примечание о содержании Приключение Черного Питера
330 Аннотация __
a Аннотация Аудиоверсии семи детективных рассказов, принадлежащего перу знаменитого английского писателя Артура Конан Дойла. Вместе с главным героем вы переживете немало приключений, столкнетесь с тайнами и загадками, разгадать которые поможет известному детективу многократно испытанный метод дедукции.
333 Примечание о целевом назначении __
a Примечание о целевом назначении 12+. Для детей старше 12 лет
337 Примечание о системных требованиях (электронные ресурсы) __
a Примечание о системных требованиях (электронные ресурсы) Системные требования: MS Windows ; Pentium 100 ; RAM 16 Mb; CD-ROM; SVGA 800x600; звуковая карта; аудиосистемы с поддержкой MP3
517 Другие варианты заглавия __
a Другие варианты заглавия Золотое пенсне
517 Другие варианты заглавия __
a Другие варианты заглавия Красный шнурок
517 Другие варианты заглавия __
a Другие варианты заглавия Кровавое пятно
517 Другие варианты заглавия __
a Другие варианты заглавия Приключение в пустом доме
517 Другие варианты заглавия __
a Другие варианты заглавия Приключение норвудского строителя
517 Другие варианты заглавия __
a Другие варианты заглавия Приключение с пляшущими фигурками
517 Другие варианты заглавия __
a Другие варианты заглавия Приключение Черного Питера
606 Тематические рубрики __
a Основная рубрика Художественная литература
606 Тематические рубрики __
a Основная рубрика Литература Европы (произведения)
y Географическая подрубрика Англия
y Географическая подрубрика Великобритания
610 Ключевые слова __
a Ключевые слова английская литература
a Ключевые слова детективные рассказы
a Ключевые слова детективы
a Ключевые слова доктор Ватсон
a Ключевые слова зарубежная литература
a Ключевые слова иностранная литература
a Ключевые слова литературные герои
a Ключевые слова литературные персонажи
a Ключевые слова рассказы
a Ключевые слова тема преступлений
a Ключевые слова тема расследований
a Ключевые слова тема сыска
a Ключевые слова тема сыщиков
a Ключевые слова тема убийств
a Ключевые слова Шерлок Холмс
686 Индексы других классификаций __
2 Код системы rubbks
a Классификационный индекс 84(4Вел)53-445я04; ст84(4Вел)-4я0
700 Автор _1
a Фамилия Дойл
b Имя А. К.
f Даты 1859-1930
g Полное личное имя Артур Конан
4 Код отношения 070
702 Вторичная интеллектуальная ответственность _1
a Фамилия Лонжеевская
b Имя Е. Н.
4 Код отношения Переводчик
4 Код отношения 730
801 Источник записи _0
a Страна ru
b Организация Муниципальное бюджетное учреждение культуры "Централизованная библиотечная система" г. Сургут (Центральная городская библиотека им. А. С. Пушкина)
c Дата составления 20150409
g Правила каталогизации КиК/Апакова
801 Источник записи _1
a Страна ru
b Организация Муниципальное бюджетное учреждение культуры "Централизованная библиотечная система" г. Сургут (Центральная городская библиотека им. А. С. Пушкина)
c Дата составления 20150409
g Правила каталогизации КиК/Апакова
852 Данные о местонахождении __
j Шифр хранения 84(4Вел)53-445я04
i Авторский знак Д 62
901 Тип документа 1_
t Тип документа 0
903 Характеристики (МАРС) __
a Дата передачи 20150409
969 Тип издания __
a Тип издания аудиокнига; издание для слепых; сборник
990 Данные о заказе (DOS) __
j Количество экземпляров (DOS) 8
t N записи в КСУ для И/У (DOS) 201504